| 000 | 00544nam a22001817a 4500 | ||
|---|---|---|---|
| 003 | LK-CoDNM | ||
| 005 | 20240202101356.0 | ||
| 008 | 240202b |||||||| |||| 00| 0 eng d | ||
| 020 | _a9786240015813 | ||
| 040 |
_aLK-CoDNM _dLK-CoDNM _eLK-CoDNM |
||
| 041 | _asin | ||
| 080 |
_aX 92 _bWAR |
||
| 100 | _aවර්ණකුලසූරිය,හෙන්රි | ||
| 245 | _aලාංකීය සිනමාවේ පතිරාජ ලකුණ | ||
| 260 |
_aColombo _bS.Godage Saha Sahodarayo _c2022 |
||
| 300 | _a144p.,21cm | ||
| 942 | _cBK | ||
| 999 |
_c144793 _d144793 |
||